Lamprecht Károly lipcsei egyetemi tanár úrnak.
Elmentve itt :
| Szerző: | |
|---|---|
| Adatforrás: | Philobibl |
| Forrásdokumentuma: | Eszme 1902. évf., 147-156.p. p. |
| Dokumentumtípus: | Cikk |
| Nyelv: | magyar |
| LEADER | 00302nab a2200097 c 4500 | ||
|---|---|---|---|
| 001 | bibDOK00023404 | ||
| 005 | 20200924121737.2 | ||
| 008 | 060518s1902 hu hun | ||
| 100 | 1 | |a Bodnár Zsigmond | |
| 245 | 1 | 0 | |a Lamprecht Károly lipcsei egyetemi tanár úrnak. |c Bodnár Zsigmond |
| 773 | 0 | |t Eszme |g 1902. évf., 147-156.p. p. | |